FOOD POLICY ANALYSIS (Record no. 542)
[ view plain ]
| 000 -LEADER | |
|---|---|
| fixed length control field | 00267nam a22001097a 4500 |
| 008 - FIXED-LENGTH DATA ELEMENTS--GENERAL INFORMATION | |
| fixed length control field | 150824b xxu||||| |||| 00| 0 eng d |
| 020 ## - INTERNATIONAL STANDARD BOOK NUMBER | |
| International Standard Book Number | 0801830737 |
| 082 ## - | |
| Classification number | 338.19 TIM |
| 100 ## - MAIN ENTRY--PERSONAL NAME | |
| Personal name | TIMMER,C.P |
| 245 ## - TITLE STATEMENT | |
| Title | FOOD POLICY ANALYSIS |
| 260 ## - PUBLICATION, DISTRIBUTION, ETC. (IMPRINT) | |
| Place of publication, distribution, etc. | LONDON |
| Name of publisher, distributor, etc. | THE WORLD BANK |
| Date of publication, distribution, etc. | 1983 |
No items available.